| 000 | 00685nas a2200253 4500 | ||
|---|---|---|---|
| 001 | BR0304693 | ||
| 003 | BR-BrBNA | ||
| 005 | 20231205104053.0 | ||
| 007 | ta | ||
| 008 | 230509b bl.|||p| |||| 00| 00por d | ||
| 040 |
_aBR-BrBNA _bpor _cBiblioteca Nacional de Agricultura |
||
| 041 | _a(Pt) | ||
| 072 | _aL73 | ||
| 100 | 1 | _aCardoso, M.J.L. | |
| 100 | 1 | _aFranco, S.R.V.S. | |
| 100 | 1 | _aFabris, V. | |
| 245 | 1 | _aDisplasia folicular em cão | |
| 650 | _aCÃO | ||
| 650 | _aDISPLASIA | ||
| 650 | _aPELO | ||
| 773 | 0 |
_tCiência Rural (Brazil) _xISSN 0103-8478 _g(Sep-Oct 2003), v. 33(5) p. 949-951 _wBR0304693 |
|
| 909 |
_a202311 _bLúcia _c55 _dLúcia Elande |
||
| 942 |
_2AGRIS _n0 _cANA |
||
| 999 |
_c176194 _d176194 |
||